[Event "DVM U14 2022"]
[Site "Kelheim GER"]
[Date "2022.12.29"]
[Round "5"]
[White "Wunderlich, Elias"]
[Black "Fruth, David"]
[Result "1-0"]
[Termination "normal"]
[Board "1.1"]
[WhiteElo "1789"]
[BlackElo "1976"]
[WhiteClock "00:23:15"]
[BlackClock "00:26:44"]
[WhiteTeam "SC Garching 1980 e.V."]
[BlackTeam "USV TU Dresden"]
[PlyCount "57"]
[WhiteFideId "34608087"]
[BlackFideId "16257596"]
[EventCountry "GER"]
[EventRounds "7"]
[EventType "team-swiss"]
[EventDate "2022.12.26"]

1. e4 {[%clk 01:30:57]} {[%emt 00:00:02]} c5 {[%clk 01:30:41]} {[%emt
00:00:19]} 2. c3 {[%clk 01:31:22]} {[%emt 00:00:05]} Nf6 {[%clk 01:30:32]}
{[%emt 00:00:39]} 3. e5 {[%clk 01:31:47]} {[%emt 00:00:06]} Nd5 {[%clk
01:30:57]} {[%emt 00:00:04]} 4. Nf3 {[%clk 01:32:11]} {[%emt 00:00:06]} Nc6
{[%clk 01:31:06]} {[%emt 00:00:21]} 5. Bc4 {[%clk 01:32:31]} {[%emt 00:00:10]}
Nb6 {[%clk 01:31:03]} {[%emt 00:00:32]} 6. Bb3 {[%clk 01:32:55]} {[%emt
00:00:06]} g6 {[%clk 01:30:30]} {[%emt 00:01:03]} 7. O-O {[%clk 01:33:01]}
{[%emt 00:00:25]} Bg7 {[%clk 01:30:57]} {[%emt 00:00:04]} 8. Re1 {[%clk
01:33:17]} {[%emt 00:00:13]} O-O {[%clk 01:31:11]} {[%emt 00:00:16]} 9. d3
{[%clk 01:11:07]} {[%emt 00:22:40]} d5 {[%clk 01:29:09]} {[%emt 00:02:32]} 10.
exd6 {[%clk 01:11:12]} {[%emt 00:00:26]} Qxd6 {[%clk 01:28:38]} {[%emt
00:01:01]} 11. Ng5 {[%clk 01:10:50]} {[%emt 00:00:51]} Bf5 {[%clk 01:28:29]}
{[%emt 00:00:39]} 12. Ne4 {[%clk 01:10:50]} {[%emt 00:00:30]} Bxe4 {[%clk
01:27:35]} {[%emt 00:01:23]} 13. dxe4 {[%clk 01:10:51]} {[%emt 00:00:30]} Qc7
{[%clk 01:26:34]} {[%emt 00:01:31]} 14. Be3 {[%clk 01:09:35]} {[%emt 00:01:46]}
Rad8 {[%clk 01:26:43]} {[%emt 00:00:21]} 15. Qe2 {[%clk 01:09:43]} {[%emt
00:00:19]} Ne5 {[%clk 01:24:36]} {[%emt 00:02:39]} 16. Na3 {[%clk 01:08:32]}
{[%emt 00:01:42]} Qc6 {[%clk 01:22:03]} {[%emt 00:03:04]} 17. Qb5 {[%clk
00:59:01]} {[%emt 00:10:00]} Qxe4 {[%clk 01:03:48]} {[%emt 00:18:45]} 18. Bxc5
{[%clk 00:59:07]} {[%emt 00:00:25]} Qg4 {[%clk 01:01:48]} {[%emt 00:02:29]} 19.
Bd1 {[%clk 00:46:35]} {[%emt 00:13:01]} Rxd1 {[%clk 00:54:43]} {[%emt
00:07:36]} 20. Rexd1 {[%clk 00:46:40]} {[%emt 00:00:25]} Nf3 {[%clk 00:54:55]}
{[%emt 00:00:18]} 21. Kh1 {[%clk 00:45:27]} {[%emt 00:01:41]} Be5 {[%clk
00:48:19]} {[%emt 00:07:08]} 22. Qe2 {[%clk 00:43:41]} {[%emt 00:02:14]} Qf4
{[%clk 00:32:03]} {[%emt 00:16:48]} 23. g3 {[%clk 00:43:34]} {[%emt 00:00:36]}
Qf5 {[%clk 00:32:12]} {[%emt 00:00:23]} 24. Rd3 {[%clk 00:40:25]} {[%emt
00:03:38]} Ng5 {[%clk 00:31:15]} {[%emt 00:01:27]} 25. Bxe7 {[%clk 00:33:17]}
{[%emt 00:07:37]} Re8 {[%clk 00:28:13]} {[%emt 00:03:33]} 26. Bxg5 {[%clk
00:32:40]} {[%emt 00:01:07]} Qxg5 {[%clk 00:28:32]} {[%emt 00:00:11]} 27. f4
{[%clk 00:32:37]} {[%emt 00:00:32]} Qf6 {[%clk 00:26:25]} {[%emt 00:02:38]} 28.
Re1 {[%clk 00:26:32]} {[%emt 00:06:35]} Qc6 {[%clk 00:26:44]} {[%emt 00:00:11]}
29. Qf3 {[%clk 00:23:15]} {[%emt 00:03:46]} 1-0

[Event "DVM U14 2022"]
[Site "Kelheim GER"]
[Date "2022.12.29"]
[Round "5"]
[White "Espig, Nils"]
[Black "Sajka, Noah"]
[Result "1/2-1/2"]
[Termination "normal"]
[Board "1.2"]
[WhiteElo "1608"]
[BlackElo "1233"]
[WhiteClock "00:05:19"]
[BlackClock "00:20:56"]
[WhiteTeam "USV TU Dresden"]
[BlackTeam "SC Garching 1980 e.V."]
[PlyCount "73"]
[WhiteFideId "16236980"]
[BlackFideId "34608192"]
[EventCountry "GER"]
[EventRounds "7"]
[EventType "team-swiss"]
[EventDate "2022.12.26"]

1. e4 {[%clk 01:30:54]} {[%emt 00:00:06]} c5 {[%clk 01:30:51]} {[%emt
00:00:08]} 2. Nf3 {[%clk 01:31:16]} {[%emt 00:00:08]} d6 {[%clk 01:31:13]}
{[%emt 00:00:09]} 3. d4 {[%clk 01:31:32]} {[%emt 00:00:14]} cxd4 {[%clk
01:31:33]} {[%emt 00:00:10]} 4. Nxd4 {[%clk 01:31:55]} {[%emt 00:00:06]} Nf6
{[%clk 01:31:45]} {[%emt 00:00:18]} 5. Nc3 {[%clk 01:31:59]} {[%emt 00:00:26]}
a6 {[%clk 01:31:39]} {[%emt 00:00:36]} 6. Be3 {[%clk 01:31:52]} {[%emt
00:00:37]} e6 {[%clk 01:31:38]} {[%emt 00:00:31]} 7. f3 {[%clk 01:29:27]}
{[%emt 00:02:55]} b5 {[%clk 01:30:12]} {[%emt 00:01:57]} 8. Qd2 {[%clk
01:26:08]} {[%emt 00:03:48]} Nbd7 {[%clk 01:29:00]} {[%emt 00:01:40]} 9. g4
{[%clk 01:21:35]} {[%emt 00:05:04]} Nb6 {[%clk 01:26:39]} {[%emt 00:02:52]} 10.
Qf2 {[%clk 01:16:15]} {[%emt 00:05:50]} Nc4 {[%clk 01:22:30]} {[%emt 00:04:39]}
11. Bxc4 {[%clk 01:14:49]} {[%emt 00:01:57]} bxc4 {[%clk 01:22:11]} {[%emt
00:00:48]} 12. h4 {[%clk 01:12:27]} {[%emt 00:02:51]} Qc7 {[%clk 01:18:20]}
{[%emt 00:04:20]} 13. O-O {[%clk 01:05:55]} {[%emt 00:07:03]} Be7 {[%clk
01:14:32]} {[%emt 00:04:17]} 14. Nde2 {[%clk 01:03:18]} {[%emt 00:03:09]} h6
{[%clk 01:06:18]} {[%emt 00:08:45]} 15. Rfd1 {[%clk 00:59:39]} {[%emt
00:04:08]} Bb7 {[%clk 01:02:28]} {[%emt 00:04:20]} 16. b3 {[%clk 00:55:38]}
{[%emt 00:04:31]} d5 {[%clk 00:57:32]} {[%emt 00:05:26]} 17. exd5 {[%clk
00:47:53]} {[%emt 00:08:15]} Nxd5 {[%clk 00:56:02]} {[%emt 00:02:00]} 18. Nxd5
{[%clk 00:47:53]} {[%emt 00:00:30]} Bxd5 {[%clk 00:56:21]} {[%emt 00:00:11]}
19. Kg2 {[%clk 00:42:14]} {[%emt 00:06:08]} g5 {[%clk 00:43:40]} {[%emt
00:13:11]} 20. hxg5 {[%clk 00:38:03]} {[%emt 00:04:41]} hxg5 {[%clk 00:42:16]}
{[%emt 00:01:54]} 21. Rh1 {[%clk 00:37:43]} {[%emt 00:00:51]} Rg8 {[%clk
00:42:36]} {[%emt 00:00:09]} 22. Rh5 {[%clk 00:29:10]} {[%emt 00:09:03]} f5
{[%clk 00:40:26]} {[%emt 00:02:40]} 23. gxf5 {[%clk 00:21:07]} {[%emt
00:08:33]} g4 {[%clk 00:39:44]} {[%emt 00:01:12]} 24. Nf4 {[%clk 00:16:26]}
{[%emt 00:05:11]} Bxf3 {[%clk 00:31:29]} {[%emt 00:08:45]} 25. Kf1 {[%clk
00:15:00]} {[%emt 00:01:56]} e5 {[%clk 00:31:19]} {[%emt 00:00:41]} 26. Ng6
{[%clk 00:11:43]} {[%emt 00:03:47]} Bf6 {[%clk 00:31:29]} {[%emt 00:00:20]} 27.
Qg3 {[%clk 00:11:35]} {[%emt 00:00:37]} cxb3 {[%clk 00:31:28]} {[%emt
00:00:31]} 28. cxb3 {[%clk 00:11:36]} {[%emt 00:00:29]} Qc3 {[%clk 00:31:38]}
{[%emt 00:00:20]} 29. Re1 {[%clk 00:10:49]} {[%emt 00:01:17]} Rc8 {[%clk
00:30:21]} {[%emt 00:01:46]} 30. Rh2 {[%clk 00:10:49]} {[%emt 00:00:31]} Qd3
{[%clk 00:29:22]} {[%emt 00:01:30]} 31. Kg1 {[%clk 00:10:41]} {[%emt 00:00:37]}
Qxf5 {[%clk 00:23:45]} {[%emt 00:06:07]} 32. Nh4 {[%clk 00:10:24]} {[%emt
00:00:47]} Bxh4 {[%clk 00:23:15]} {[%emt 00:01:00]} 33. Rxh4 {[%clk 00:10:35]}
{[%emt 00:00:19]} Rc2 {[%clk 00:22:42]} {[%emt 00:01:03]} 34. Bf2 {[%clk
00:07:00]} {[%emt 00:04:05]} Re2 {[%clk 00:20:50]} {[%emt 00:02:23]} 35. Rxe2
{[%clk 00:06:13]} {[%emt 00:01:16]} Bxe2 {[%clk 00:21:15]} {[%emt 00:00:05]}
36. Qe3 {[%clk 00:05:47]} {[%emt 00:00:56]} Bf3 {[%clk 00:20:56]} {[%emt
00:00:50]} 37. Qe1 {[%clk 00:05:19]} {[%emt 00:00:58]} 1/2-1/2

[Event "DVM U14 2022"]
[Site "Kelheim GER"]
[Date "2022.12.29"]
[Round "5"]
[White "Eichner, Tim"]
[Black "Lange, Tobias"]
[Result "0-1"]
[Termination "normal"]
[Board "1.4"]
[WhiteElo "1551"]
[BlackElo "1472"]
[WhiteClock "00:46:19"]
[BlackClock "00:59:47"]
[WhiteTeam "USV TU Dresden"]
[BlackTeam "SC Garching 1980 e.V."]
[PlyCount "26"]
[WhiteFideId "34617213"]
[BlackFideId "34608281"]
[EventCountry "GER"]
[EventRounds "7"]
[EventType "team-swiss"]
[EventDate "2022.12.26"]

1. e4 {[%clk 01:30:55]} {[%emt 00:00:07]} e5 {[%clk 01:30:58]} 2. Nf3 {[%clk
01:31:11]} {[%emt 00:00:14]} Nf6 {[%clk 01:31:25]} {[%emt 00:00:02]} 3. Nxe5
{[%clk 01:31:26]} {[%emt 00:00:14]} d6 {[%clk 01:31:48]} {[%emt 00:00:08]} 4.
Nxf7 {[%clk 01:31:26]} {[%emt 00:00:30]} Kxf7 {[%clk 01:32:08]} {[%emt
00:00:10]} 5. d4 {[%clk 01:31:47]} {[%emt 00:00:09]} Nxe4 {[%clk 01:24:33]}
{[%emt 00:08:05]} 6. Qh5 {[%clk 01:30:34]} {[%emt 00:01:43]} g6 {[%clk
01:17:39]} {[%emt 00:07:25]} 7. Qd5 {[%clk 01:29:20]} {[%emt 00:01:43]} Be6
{[%clk 01:16:54]} {[%emt 00:01:15]} 8. Qxb7 {[%clk 01:23:57]} {[%emt 00:05:53]}
d5 {[%clk 01:03:33]} {[%emt 00:13:52]} 9. Qxa8 {[%clk 01:13:25]} {[%emt
00:11:02]} Qh4 {[%clk 01:00:27]} {[%emt 00:03:35]} 10. g3 {[%clk 01:05:28]}
{[%emt 00:08:27]} Qf6 {[%clk 01:00:20]} {[%emt 00:00:36]} 11. f3 {[%clk
00:53:08]} {[%emt 00:12:51]} Qxf3 {[%clk 01:00:08]} {[%emt 00:00:42]} 12. Nc3
{[%clk 00:49:03]} {[%emt 00:04:35]} Qf2 {[%clk 00:59:22]} {[%emt 00:01:15]} 13.
Kd1 {[%clk 00:46:19]} {[%emt 00:03:15]} Nxc3 {[%clk 00:59:47]} {[%emt
00:00:06]} 0-1

[Event "DVM U14 2022"]
[Site "Kelheim GER"]
[Date "2022.12.29"]
[Round "5"]
[White "Haubold, Sebastian"]
[Black "Bräutigam, Katerina"]
[Result "1-0"]
[Termination "normal"]
[Board "2.1"]
[WhiteElo "1998"]
[BlackElo "1874"]
[WhiteClock "00:06:02"]
[BlackClock "00:01:09"]
[WhiteTeam "SG Einheit Staßfurt"]
[BlackTeam "SK Doppelbauer Kiel"]
[PlyCount "107"]
[WhiteFideId "16259637"]
[BlackFideId "16242980"]
[EventCountry "GER"]
[EventRounds "7"]
[EventType "team-swiss"]
[EventDate "2022.12.26"]

1. e4 {[%clk 01:30:57]} {[%emt 00:00:02]} c6 {[%clk 01:30:56]} {[%emt
00:00:04]} 2. d4 {[%clk 01:31:12]} {[%emt 00:00:15]} d5 {[%clk 01:31:21]}
{[%emt 00:00:05]} 3. Nc3 {[%clk 01:31:34]} {[%emt 00:00:08]} dxe4 {[%clk
01:31:47]} {[%emt 00:00:04]} 4. Nxe4 {[%clk 01:31:50]} {[%emt 00:00:14]} Bf5
{[%clk 01:32:13]} {[%emt 00:00:04]} 5. Ng3 {[%clk 01:32:09]} {[%emt 00:00:11]}
Bg6 {[%clk 01:32:39]} {[%emt 00:00:04]} 6. Nf3 {[%clk 01:32:27]} {[%emt
00:00:13]} Nd7 {[%clk 01:33:04]} {[%emt 00:00:05]} 7. h4 {[%clk 01:32:52]}
{[%emt 00:00:04]} h6 {[%clk 01:33:27]} {[%emt 00:00:07]} 8. h5 {[%clk
01:33:17]} {[%emt 00:00:05]} Bh7 {[%clk 01:33:53]} {[%emt 00:00:04]} 9. Bd3
{[%clk 01:33:41]} {[%emt 00:00:06]} Bxd3 {[%clk 01:34:19]} {[%emt 00:00:05]}
10. Qxd3 {[%clk 01:34:03]} {[%emt 00:00:07]} e6 {[%clk 01:34:41]} {[%emt
00:00:08]} 11. Bd2 {[%clk 01:34:26]} {[%emt 00:00:07]} Ngf6 {[%clk 01:35:04]}
{[%emt 00:00:07]} 12. O-O-O {[%clk 01:34:43]} {[%emt 00:00:13]} Qc7 {[%clk
01:35:11]} {[%emt 00:00:23]} 13. Ne4 {[%clk 01:34:31]} {[%emt 00:00:41]} Nxe4
{[%clk 01:35:21]} {[%emt 00:00:21]} 14. Qxe4 {[%clk 01:34:56]} {[%emt
00:00:05]} Nf6 {[%clk 01:35:37]} {[%emt 00:00:14]} 15. Qe2 {[%clk 01:35:20]}
{[%emt 00:00:06]} O-O-O {[%clk 01:35:40]} {[%emt 00:00:26]} 16. Kb1 {[%clk
01:34:26]} {[%emt 00:01:25]} Kb8 {[%clk 01:30:50]} {[%emt 00:05:20]} 17. g3
{[%clk 01:27:56]} {[%emt 00:07:01]} Ka8 {[%clk 01:27:06]} {[%emt 00:04:13]} 18.
c4 {[%clk 01:22:50]} {[%emt 00:05:36]} c5 {[%clk 01:13:56]} {[%emt 00:13:39]}
19. Bc3 {[%clk 01:03:18]} {[%emt 00:20:03]} Be7 {[%clk 00:58:19]} {[%emt
00:16:06]} 20. Ne5 {[%clk 00:46:26]} {[%emt 00:17:22]} Rhf8 {[%clk 00:51:34]}
{[%emt 00:07:15]} 21. g4 {[%clk 00:41:36]} {[%emt 00:05:22]} cxd4 {[%clk
00:18:09]} {[%emt 00:33:55]} 22. Bxd4 {[%clk 00:40:56]} {[%emt 00:01:09]} Rc8
{[%clk 00:17:44]} {[%emt 00:00:55]} 23. f4 {[%clk 00:32:00]} {[%emt 00:09:26]}
Bd6 {[%clk 00:13:27]} {[%emt 00:04:47]} 24. g5 {[%clk 00:29:13]} {[%emt
00:03:17]} Ng8 {[%clk 00:05:02]} {[%emt 00:08:55]} 25. b3 {[%clk 00:22:50]}
{[%emt 00:06:53]} Rfe8 {[%clk 00:03:36]} {[%emt 00:01:55]} 26. Rdf1 {[%clk
00:17:12]} {[%emt 00:06:09]} f6 {[%clk 00:01:11]} {[%emt 00:02:55]} 27. gxf6
{[%clk 00:17:08]} {[%emt 00:00:34]} gxf6 {[%clk 00:01:40]} {[%emt 00:00:02]}
28. Ng6 {[%clk 00:17:13]} {[%emt 00:00:25]} e5 {[%clk 00:01:03]} {[%emt
00:01:06]} 29. fxe5 {[%clk 00:17:31]} {[%emt 00:00:12]} fxe5 {[%clk 00:01:32]}
{[%emt 00:00:01]} 30. Bb2 {[%clk 00:16:47]} {[%emt 00:01:14]} Ne7 {[%clk
00:00:40]} {[%emt 00:01:22]} 31. Nxe7 {[%clk 00:10:33]} {[%emt 00:06:43]} Qxe7
{[%clk 00:01:01]} {[%emt 00:00:09]} 32. Qe4 {[%clk 00:10:48]} {[%emt 00:00:15]}
Rf8 {[%clk 00:00:43]} {[%emt 00:00:49]} 33. Bc1 {[%clk 00:09:56]} {[%emt
00:01:22]} Rf6 {[%clk 00:00:48]} {[%emt 00:00:25]} 34. Rxf6 {[%clk 00:09:00]}
{[%emt 00:01:26]} Qxf6 {[%clk 00:01:17]} {[%emt 00:00:01]} 35. Qg6 {[%clk
00:07:43]} {[%emt 00:01:47]} Qf3 {[%clk 00:01:00]} {[%emt 00:00:48]} 36. Re1
{[%clk 00:07:06]} {[%emt 00:01:07]} Bb8 {[%clk 00:01:09]} {[%emt 00:00:21]} 37.
Re3 {[%clk 00:03:51]} {[%emt 00:03:45]} Qf8 {[%clk 00:00:41]} {[%emt 00:00:57]}
38. Rc3 {[%clk 00:02:58]} {[%emt 00:01:23]} Rc6 {[%clk 00:00:42]} {[%emt
00:00:29]} 39. Qg4 {[%clk 00:02:37]} {[%emt 00:00:51]} Rf6 {[%clk 00:00:37]}
{[%emt 00:00:35]} 40. Rd3 {[%clk 00:01:16]} {[%emt 00:01:51]} Bd6 {[%clk
00:00:36]} {[%emt 00:00:30]} 41. Rd1 {[%clk 00:17:42]} {[%emt 00:14:05]} Kb8
{[%clk 00:24:58]} {[%emt 00:06:08]} 42. Qd7 {[%clk 00:13:21]} {[%emt 00:04:51]}
Bc7 {[%clk 00:12:14]} {[%emt 00:13:13]} 43. Rg1 {[%clk 00:11:17]} {[%emt
00:02:33]} Rd6 {[%clk 00:00:39]} {[%emt 00:12:07]} 44. Ba3 {[%clk 00:07:23]}
{[%emt 00:04:24]} Rxd7 {[%clk 00:00:36]} {[%emt 00:00:32]} 45. Bxf8 {[%clk
00:07:50]} {[%emt 00:00:03]} Bd6 {[%clk 00:00:34]} {[%emt 00:00:32]} 46. Bxh6
{[%clk 00:06:55]} {[%emt 00:01:26]} e4 {[%clk 00:00:36]} {[%emt 00:00:28]} 47.
Bg7 {[%clk 00:03:55]} {[%emt 00:03:30]} e3 {[%clk 00:00:35]} {[%emt 00:00:32]}
48. h6 {[%clk 00:04:10]} {[%emt 00:00:15]} e2 {[%clk 00:00:38]} {[%emt
00:00:26]} 49. h7 {[%clk 00:04:22]} {[%emt 00:00:18]} Rd8 {[%clk 00:00:33]}
{[%emt 00:00:36]} 50. h8=Q {[%clk 00:04:27]} {[%emt 00:00:25]} Rxh8 {[%clk
00:00:37]} {[%emt 00:00:25]} 51. Bxh8 {[%clk 00:04:53]} {[%emt 00:00:03]} Bg3
{[%clk 00:00:37]} {[%emt 00:00:30]} 52. Bc3 {[%clk 00:05:16]} {[%emt 00:00:06]}
Bf2 {[%clk 00:00:50]} {[%emt 00:00:19]} 53. Rg8 {[%clk 00:05:37]} {[%emt
00:00:08]} Kc7 {[%clk 00:01:09]} {[%emt 00:00:11]} 54. Re8 {[%clk 00:06:02]}
{[%emt 00:00:04]} 1-0

[Event "DVM U14 2022"]
[Site "Kelheim GER"]
[Date "2022.12.29"]
[Round "5"]
[White "Bräutigam, Alexander"]
[Black "Haubold, Christian"]
[Result "1/2-1/2"]
[Termination "normal"]
[Board "2.2"]
[WhiteElo "1941"]
[BlackElo "1981"]
[WhiteClock "00:41:04"]
[BlackClock "00:07:23"]
[WhiteTeam "SK Doppelbauer Kiel"]
[BlackTeam "SG Einheit Staßfurt"]
[PlyCount "61"]
[WhiteFideId "16245210"]
[BlackFideId "16259629"]
[EventCountry "GER"]
[EventRounds "7"]
[EventType "team-swiss"]
[EventDate "2022.12.26"]

1. c4 {[%clk 01:30:57]} {[%emt 00:00:02]} Nf6 {[%clk 01:30:50]} {[%emt
00:00:11]} 2. Nc3 {[%clk 01:31:22]} {[%emt 00:00:04]} g6 {[%clk 01:31:13]}
{[%emt 00:00:07]} 3. g3 {[%clk 01:31:45]} {[%emt 00:00:06]} Bg7 {[%clk
01:31:31]} {[%emt 00:00:12]} 4. Bg2 {[%clk 01:32:11]} {[%emt 00:00:04]} O-O
{[%clk 01:31:42]} {[%emt 00:00:20]} 5. d3 {[%clk 01:31:25]} {[%emt 00:01:15]}
d6 {[%clk 01:31:23]} {[%emt 00:00:50]} 6. e4 {[%clk 01:31:40]} {[%emt
00:00:15]} e5 {[%clk 01:30:03]} {[%emt 00:01:50]} 7. Nge2 {[%clk 01:31:42]}
{[%emt 00:00:27]} c6 {[%clk 01:29:09]} {[%emt 00:01:24]} 8. O-O {[%clk
01:30:20]} {[%emt 00:01:52]} Be6 {[%clk 01:26:41]} {[%emt 00:02:58]} 9. Bg5
{[%clk 01:25:23]} {[%emt 00:05:28]} Nbd7 {[%clk 01:23:06]} {[%emt 00:04:05]}
10. Qd2 {[%clk 01:21:41]} {[%emt 00:04:11]} a5 {[%clk 01:11:50]} {[%emt
00:11:47]} 11. h3 {[%clk 01:20:03]} {[%emt 00:02:09]} Nc5 {[%clk 00:58:57]}
{[%emt 00:13:22]} 12. f4 {[%clk 01:16:55]} {[%emt 00:03:38]} h6 {[%clk
00:56:42]} {[%emt 00:02:44]} 13. Bxf6 {[%clk 01:15:20]} {[%emt 00:02:06]} Bxf6
{[%clk 00:56:17]} {[%emt 00:00:55]} 14. Kh2 {[%clk 01:08:07]} {[%emt 00:07:43]}
Kh7 {[%clk 00:51:56]} {[%emt 00:04:51]} 15. Rf2 {[%clk 01:05:07]} {[%emt
00:03:30]} Be7 {[%clk 00:37:58]} {[%emt 00:14:28]} 16. f5 {[%clk 01:04:42]}
{[%emt 00:00:55]} Bg5 {[%clk 00:37:52]} {[%emt 00:00:36]} 17. Qc2 {[%clk
01:04:57]} {[%emt 00:00:15]} Bd7 {[%clk 00:33:36]} {[%emt 00:04:46]} 18. Raf1
{[%clk 01:03:23]} {[%emt 00:02:04]} Qe7 {[%clk 00:26:22]} {[%emt 00:07:44]} 19.
h4 {[%clk 01:02:13]} {[%emt 00:01:40]} Bf6 {[%clk 00:21:54]} {[%emt 00:04:58]}
20. Bh3 {[%clk 01:01:18]} {[%emt 00:01:25]} g5 {[%clk 00:21:11]} {[%emt
00:01:13]} 21. h5 {[%clk 01:00:40]} {[%emt 00:01:08]} g4 {[%clk 00:18:56]}
{[%emt 00:02:46]} 22. Bxg4 {[%clk 01:00:18]} {[%emt 00:00:51]} Rg8 {[%clk
00:19:04]} {[%emt 00:00:21]} 23. Bh3 {[%clk 00:59:40]} {[%emt 00:01:08]} Rg5
{[%clk 00:18:31]} {[%emt 00:01:04]} 24. g4 {[%clk 00:59:17]} {[%emt 00:00:52]}
Rag8 {[%clk 00:18:26]} {[%emt 00:00:35]} 25. Rf3 {[%clk 00:58:11]} {[%emt
00:01:36]} Bh8 {[%clk 00:15:08]} {[%emt 00:03:49]} 26. Qd2 {[%clk 00:54:32]}
{[%emt 00:04:08]} b6 {[%clk 00:12:29]} {[%emt 00:03:09]} 27. Rg3 {[%clk
00:51:31]} {[%emt 00:03:32]} Bf6 {[%clk 00:11:09]} {[%emt 00:01:50]} 28. Ng1
{[%clk 00:49:44]} {[%emt 00:02:17]} R5g7 {[%clk 00:10:21]} {[%emt 00:01:18]}
29. Nf3 {[%clk 00:49:03]} {[%emt 00:01:11]} Bh4 {[%clk 00:09:10]} {[%emt
00:01:42]} 30. Rg2 {[%clk 00:48:04]} {[%emt 00:01:28]} Bf6 {[%clk 00:07:23]}
{[%emt 00:02:16]} 31. Qe3 {[%clk 00:41:04]} {[%emt 00:07:30]} 1/2-1/2